Connaissez vous la famille royale anglaise ? - Statistiques

Statistiques générales
  • Ce quiz a été pris 1 152 fois
  • Le résultat moyen est 20 sur 27
Statistiques - réponses
Nom % Correct
Fils d'Elizabeth II Roi Actuel Charles III
96%
Fils du roi actuel Harry
96%
Mère d'Elizabeth II Elizabeth
95%
Mère du roi actuel Ancienne Reine Elizabeth II
95%
Ex Femme du roi actuel Mère de l'Héritier au trône Lady Diana
95%
Fils du roi actuel Héritier au trône William
94%
Enfants de l'Héritier au trône George
92%
Père d'Elizabeth II Ancien Roi George VI
92%
Belles filles du roi actuel Kate Middleton
90%
Mari d'Elizabeth II Philip
89%
Femme du roi actuel Camilla
87%
Charlotte
87%
Meghan Markle
85%
Louis
83%
Autres enfants d'Elizabeth II Anne
81%
Sœur d'Elizabeth II Margaret
76%
Andrew
74%
Autres Petits Enfants du roi actuel Archie
74%
Lilibet
71%
Edward
69%
Eugénie d'York
52%
Zara Phillips
51%
Béatrice d'York
50%
Oncle d'Elizabeth II Ancien roi ayant démissionné Édouard VIII
46%
Louise Mountbatten-Windsor
46%
James Mountbatten-Windsor
42%
Autres Petits Enfants d'Elizabeth II Peter Phillips
38%
Aucun quiz correspondant
Distribution des résultats
% des personnes avec chaque résultat
Percentile par nombre de réponses
Votre historique - résultats
Vous n’avez pas pris ce quiz